00969nam a2200241 u 4500001001000000003000900010005001700019008004100036020001500077040002500092041003800117082000900155222006300164245010000227246004300327260008800370300002100458546002500479710008300504942001400587952010900601999001700710000036781DO-SdBNP20241206103827.0100810s1983 xxu r 001 0 spa d a9210210573 aDO-SdBNPbspacBNPHU17aspabeng2Código de idioma MARC axxxx00aAnuario estadístico de América Latina y el Caribe 198300aAnuario estadístico de América Latina y el Caribe = Statistical yearbook for Latin America.00aStatistical yearbook for Latin America aSantiago, Chile :bComisión Económica Para América Latina y el Caribe,c1983. a749 p. ;c26 cm. aEspañol e inglés aNaciones Unidas.bComisión Economica para América Latina y el Caribe93086 2ddccLBS1 001050718MOaGRbGRcCTd2012-01-31iLF1l0oxxxx p36781-10r2020-06-25w2020-06-25y1ZNo se presta c36272d36272